[Event "RUS-chT 32nd"]
[Site "Sochi"]
[Date "2025.05.05"]
[Round "9.1"]
[White "Sychev, Klementy"]
[Black "Khubukshanov, Erdem"]
[Result "0-1"]
[WhiteElo "2542"]
[BlackElo "2468"]
[PlyCount "142"]
[EventDate "2025.04.26"]
[EventType "team-swiss"]
[EventRounds "9"]
[EventCountry "RUS"]
[SourceTitle "CB19_2025"]
[SourceDate "2025.05.07"]
[SourceVersion "1"]
[SourceVersionDate "2025.05.07"]
[SourceQuality "1"]
[WhiteTeam "Saratov Muromtsev"]
[BlackTeam "Novosibirsk GAU"]
[WhiteTeamCountry "RUS"]
[BlackTeamCountry "RUS"]

1. e4 e5 2. Nf3 Nc6 3. Bb5 a6 4. Bxc6 dxc6 5. Nc3 f6 6. d4 exd4 7. Qxd4 Qxd4 8. Nxd4 Bd7 9. h4 h5 10. Nde2 Be6 11. Be3 0-0-0 12. f3 Ne7 13. Nf4 Bf7 14. Kf2 Ng6 15. Nxg6 Bxg6 16. Ne2 Bd6 17. Nf4 Bf7 18. b3 Rd7 19. Rhe1 b6 20. Re2 Be5 21. Rg1 Bc3 22. g3 c5 23. Kg2 c4 24. Rf2 Re8 25. Re2 a5 26. Kf2 Rh8 27. Kg2 Kb7 28. Kf2 Rd6 29. Rb1 Re8 30. Rg1 g6 31. Rb1 a4 32. bxa4 Kc6 33. Ng2 Ra8 34. Bf4 Rd7 35. Ne3 Rxa4 36. Nd1 Bd4+ 37. Be3 Bxe3+ 38. Nxe3 Rxa2 39. g4 b5 40. g5 fxg5 41. hxg5 Kc5 42. f4 c3 43. f5 Re7 44. Rd1 c6 45. Rd3 b4 46. Kf3 Raa7 47. f6 Red7 48. Rxd7 Rxd7 49. e5 Rd2 50. Re1 Be6 51. Ra1 Kd4 52. Ra6 Kxe5 53. Rxc6 Rd4 54. Rc5+ Kd6 55. Rb5 Bd7 56. Rb8 Bc6+ 57. Ke2 Rf4 58. Rd8+ Ke6 59. Rb8 h4 60. Rb6 Kd7 61. f7 Rxf7 62. Rxb4 Rh7 63. Ng4 Kd6 64. Rf4 h3 65. Rf6+ Kc5 66. Rf2 Rh4 67. Nh2 Rh5 68. Kd3 Rxg5 69. Kxc3 Rg2 70. Rd2 g5 71. Kd3 g4 0-1

[Event "RUS-chT 32nd"]
[Site "Sochi"]
[Date "2025.04.26"]
[Round "1.1"]
[White "Khubukshanov, Erdem"]
[Black "Paravyan, David"]
[Result "1/2-1/2"]
[WhiteElo "2468"]
[BlackElo "2596"]
[PlyCount "87"]
[EventDate "2025.04.26"]
[EventType "team-swiss"]
[EventRounds "9"]
[EventCountry "RUS"]
[SourceTitle "CB19_2025"]
[SourceDate "2025.05.07"]
[SourceVersion "1"]
[SourceVersionDate "2025.05.07"]
[SourceQuality "1"]
[WhiteTeam "Novosibirsk GAU"]
[BlackTeam "Moscow Russian ChSchool"]
[WhiteTeamCountry "RUS"]
[BlackTeamCountry "RUS"]

1. e4 e5 2. Nf3 Nf6 3. d4 Nxe4 4. Bd3 d5 5. Nxe5 Nd7 6. 0-0 Nxe5 7. dxe5 Nc5 8. Be3 Be7 9. f4 d4 10. Bf2 Nxd3 11. Qxd3 Qd7 12. Bxd4 c5 13. Be3 Qxd3 14. cxd3 Bf5 15. Rd1 0-0-0 16. Na3 Rxd3 17. Rxd3 Bxd3 18. Rc1 b6 19. b4 Kb7 20. Rc3 Bf5 21. bxc5 Rc8 22. Nc4 bxc5 23. Nd6+ Bxd6 24. exd6 c4 25. Bd4 Rc6 26. Bxg7 Rxd6 27. Rxc4 Rd1+ 28. Kf2 Rd2+ 29. Kf3 Rxa2 30. g4 Be6 31. Rb4+ Kc6 32. f5 Bd5+ 33. Kf4 Rxh2 34. Ra4 Ra2 35. Rxa2 Bxa2 36. Bc3 Bb3 37. Ke3 Kd5 38. g5 Bc2 39. f6 Bg6 40. Kd2 Kc4 41. Ba5 Kb5 42. Bc7 a5 43. Kc3 a4 44. Kb2 1/2-1/2

[Event "RUS-ch U20"]
[Site "Barnaul"]
[Date "2025.03.23"]
[Round "2"]
[White "Khubukshanov, Erdem"]
[Black "Popov, Konstantin"]
[Result "1-0"]
[WhiteElo "2448"]
[BlackElo "2376"]
[PlyCount "143"]
[EventDate "2025.03.22"]
[EventType "tourn"]
[EventRounds "9"]
[EventCountry "RUS"]
[EventCategory "6"]
[SourceTitle "CB14_2025"]
[SourceDate "2024.11.01"]
[SourceVersion "1"]
[SourceVersionDate "2024.11.01"]
[SourceQuality "1"]

1. e4 c5 2. Nf3 d6 3. d4 cxd4 4. Nxd4 Nf6 5. Nc3 a6 6. Bg5 Nbd7 7. Bc4 Qb6 8. Bb3 e6 9. Bxf6 Nxf6 10. Qd2 Bd7 11. 0-0-0 0-0-0 12. f4 g6 13. Rhf1 Bh6 14. Kb1 Kb8 15. Qe1 Bg7 16. h3 d5 17. e5 Ne8 18. Ba4 Qc7 19. Rf3 Rc8 20. Ka1 Bf8 21. Bxd7 Qxd7 22. Nb1 Nc7 23. Qe2 Nb5 24. c3 Nxd4 25. Rxd4 Bc5 26. Rd1 Qa4 27. Nd2 h5 28. g3 Bb6 29. Kb1 Rc7 30. Rdf1 Rhc8 31. g4 hxg4 32. hxg4 g5 33. Qd3 Ka7 34. Nb3 Rg8 35. Nd2 Rh8 36. Qc2 Qxc2+ 37. Kxc2 gxf4 38. Rxf4 Rh7 39. Kd3 Rg7 40. Rh1 Rc8 41. Rhf1 Rc7 42. Ke2 Rd7 43. Nf3 Bc7 44. Rd1 b5 45. a4 bxa4 46. Rxa4 a5 47. g5 Rd8 48. b4 Ka6 49. bxa5 Rb8 50. Rb4 Rc8 51. Ra1 Bd8 52. Kd3 Rh7 53. Rf4 Rc5 54. c4 Rxc4 55. Rxc4 dxc4+ 56. Kxc4 Rh3 57. Rf1 Bxa5 58. Kc5 Bd8 59. Kc6 Ka5 60. Kd7 Rh8 61. Rb1 Rh3 62. Kxd8 Rxf3 63. Ke7 Ka6 64. Rb8 Rf5 65. g6 fxg6 66. Kxe6 Rf1 67. Kd6 g5 68. e6 Rd1+ 69. Ke5 Re1+ 70. Kf6 Ka7 71. Rb4 Re2 72. e7 1-0

[Event "Moscow Ivi GP op"]
[Site "Moscow"]
[Date "2025.03.12"]
[Round "7"]
[White "Khubukshanov, Erdem"]
[Black "Fedorov, Alexei"]
[Result "1/2-1/2"]
[WhiteElo "2448"]
[BlackElo "2398"]
[PlyCount "61"]
[EventDate "2025.03.08"]
[EventType "swiss"]
[EventRounds "10"]
[EventCountry "RUS"]
[SourceTitle "CB12_2025"]
[SourceDate "2025.03.19"]
[SourceVersion "1"]
[SourceVersionDate "2025.03.19"]
[SourceQuality "1"]

1. e4 c5 2. Nf3 Nc6 3. d4 cxd4 4. Nxd4 e5 5. Nb5 d6 6. c4 Be7 7. N5c3 Nf6 8. Be2 Nd4 9. 0-0 0-0 10. Na3 Be6 11. Nc2 Nxe2+ 12. Qxe2 a6 13. a4 Qb6 14. a5 Qc7 15. b3 b5 16. axb6 Qxb6 17. Rb1 h6 18. Kh1 Rab8 19. f4 exf4 20. Bxf4 Rfe8 21. Qd2 Ng4 22. h3 Ne5 23. Nd4 Bg5 24. Nce2 Qd8 25. Qc3 Bd7 26. Rbd1 Bxf4 27. Nxf4 Qh4 28. Ra1 Nc6 29. Nf5 Bxf5 30. exf5 Re4 31. Qf3 1/2-1/2

[Event "RUS Cup final"]
[Site "Khanty-Mansiysk"]
[Date "2024.12.12"]
[Round "1.2"]
[White "Smirnov, Pavel"]
[Black "Khubukshanov, Erdem"]
[Result "0-1"]
[WhiteElo "2482"]
[BlackElo "2438"]
[PlyCount "116"]
[EventDate "2024.12.11"]
[EventType "k.o."]
[EventRounds "4"]
[EventCountry "RUS"]
[SourceTitle "CB52_2024"]
[SourceDate "2024.12.25"]
[SourceVersion "1"]
[SourceVersionDate "2024.12.25"]
[SourceQuality "1"]

1. d4 Nf6 2. c4 g6 3. Nf3 Bg7 4. g3 0-0 5. Bg2 c6 6. 0-0 d5 7. b3 dxc4 8. bxc4 c5 9. Bb2 cxd4 10. Nxd4 Qb6 11. Qc1 Bd7 12. Nd2 Nc6 13. Nc2 Rac8 14. Bc3 Rfd8 15. Rb1 Qa6 16. Qb2 b6 17. Ne3 Qa4 18. Ne4 Nxe4 19. Bxg7 f6 20. Bh6 Nc5 21. Nd5 Kf7 22. Nc3 Qa5 23. Bd5+ Be6 24. Be3 Bxd5 25. cxd5 Ne5 26. Bd4 Nc4 27. Qc1 Nd6 28. Qf4 Nf5 29. Rb5 Qa3 30. Bxc5 Qxc3 31. e4 Rxc5 32. Rxc5 Qxc5 33. exf5 g5 34. Qa4 b5 35. Qb3 Qxd5 36. Qe3 Rd7 37. Qb3 Qxb3 38. axb3 Rd5 39. g4 Rd4 40. h3 a5 41. Ra1 a4 42. bxa4 bxa4 43. Kf1 Rf4 44. Ke2 e6 45. fxe6+ Kxe6 46. Ke3 Rb4 47. Kd2 Kd5 48. Ra3 Rc4 49. Re3 Rf4 50. f3 Rd4+ 51. Kc2 h5 52. Kb2 h4 53. Ka3 Rf4 54. Rc3 Rc4 55. Re3 Kd4 56. Re4+ Kd3 57. Re8 Rf4 58. Re6 Kd2 0-1

[Event "RUS Cup final"]
[Site "Khanty-Mansiysk"]
[Date "2024.12.11"]
[Round "1.1"]
[White "Khubukshanov, Erdem"]
[Black "Smirnov, Pavel"]
[Result "1/2-1/2"]
[WhiteElo "2438"]
[BlackElo "2482"]
[PlyCount "89"]
[EventDate "2024.12.11"]
[EventType "k.o."]
[EventRounds "4"]
[EventCountry "RUS"]
[SourceTitle "CB52_2024"]
[SourceDate "2024.12.25"]
[SourceVersion "1"]
[SourceVersionDate "2024.12.25"]
[SourceQuality "1"]

1. e4 e5 2. Nf3 Nc6 3. Bc4 Nf6 4. d3 Bc5 5. Nc3 h6 6. 0-0 0-0 7. h3 d6 8. Na4 Bb6 9. a3 Be6 10. Bxe6 fxe6 11. b4 Nd4 12. Nh2 Qd7 13. c3 Ne2+ 14. Kh1 Nxc1 15. Rxc1 c6 16. Qe2 Bc7 17. c4 b5 18. Nc3 Bb6 19. Nf3 a5 20. c5 Bc7 21. cxd6 Bxd6 22. Rfd1 axb4 23. axb4 Nh5 24. d4 Nf4 25. Qe3 Qe7 26. Ne2 Bxb4 27. Nxf4 exf4 28. Qe2 c5 29. Qxb5 Ba3 30. Ra1 Rab8 31. Qc4 Bb2 32. Ra6 Bxd4 33. Rxe6 Qf7 34. Rxd4 cxd4 35. Ne5 Rbc8 36. Qb3 Rb8 37. Qd5 Rbd8 38. Nxf7 Rxd5 39. exd5 Kxf7 40. Re4 g5 41. g3 fxg3 42. fxg3 Rd8 43. Rxd4 Kf6 44. Kg2 Ke5 45. Rd2 1/2-1/2

[Event "Wch U18"]
[Site "Florianopolis"]
[Date "2024.11.02"]
[Round "5"]
[White "Kiladze, Luka"]
[Black "Khubukshanov, Erdem"]
[Result "0-1"]
[WhiteElo "2227"]
[BlackElo "2441"]
[PlyCount "88"]
[EventDate "2024.10.29"]
[EventType "swiss"]
[EventRounds "11"]
[EventCountry "BRA"]
[SourceTitle "CB45_2024"]
[Source "ChessBase"]
[SourceDate "2024.11.06"]
[SourceVersion "1"]
[SourceVersionDate "2024.11.06"]
[SourceQuality "1"]

1. d4 Nf6 2. Nf3 g6 3. Nbd2 d5 4. b4 Bg7 5. Bb2 0-0 6. e3 c6 7. a4 a5 8. b5 Bf5 9. c4 Nbd7 10. bxc6 bxc6 11. cxd5 cxd5 12. Bb5 Ne8 13. Ba3 Nc7 14. Be2 Nb6 15. Ne5 Qe8 16. Rc1 Bxe5 17. dxe5 Na6 18. Bb5 Bd7 19. Qe2 Nb4 20. e6 fxe6 21. Bb2 Nxa4 22. Bxd7 Qxd7 23. Be5 Rac8 24. 0-0 Nc5 25. Ba1 Ncd3 26. Rcd1 e5 27. f4 e4 28. Nb3 Nc2 29. Nd4 Nxa1 30. Rxa1 a4 31. f5 gxf5 32. Nxf5 Kh8 33. Qh5 Rf6 34. Nh4 Qa7 35. Nf5 Rcf8 36. h3 e5 37. Kh2 Nf4 38. exf4 Rxf5 39. Qd1 exf4 40. Rxa4 Qg7 41. Ra3 Rg8 42. Qd2 f3 43. g4 Qe5+ 44. Kh1 Rf6 0-1

[Event "RUS-chT Rapid"]
[Site "Sochi"]
[Date "2024.10.18"]
[Round "5.15"]
[White "Khubukshanov, Erdem"]
[Black "Strybuk, Artsiom I"]
[Result "0-1"]
[WhiteElo "2441"]
[BlackElo "2431"]
[PlyCount "126"]
[EventDate "2024.10.18"]
[EventType "team-swiss (rapid)"]
[EventRounds "9"]
[EventCountry "RUS"]
[SourceTitle "CB43_2024"]
[Source "Chessbase"]
[SourceDate "2024.10.23"]
[SourceVersion "1"]
[SourceVersionDate "2024.10.23"]
[SourceQuality "1"]
[WhiteTeam "Novosibirsk Region"]
[BlackTeam "Belarus"]
[WhiteTeamCountry "RUS"]
[BlackTeamCountry "BLR"]

1. e4 c5 2. Nf3 d6 3. Bb5+ Bd7 4. Bxd7+ Nxd7 5. 0-0 Ngf6 6. Qe2 e6 7. c3 Be7 8. d4 0-0 9. e5 Ne8 10. exd6 Bxd6 11. Nbd2 Nef6 12. Nc4 Be7 13. Bf4 Nb6 14. Nce5 Nbd5 15. Bg3 Nh5 16. Rfd1 Nxg3 17. hxg3 Qc7 18. a3 h6 19. c4 Nf6 20. dxc5 Bxc5 21. b4 Be7 22. c5 a5 23. Nd4 Nd5 24. Nb5 Qc8 25. Qe4 Bf6 26. Rab1 axb4 27. axb4 Ra4 28. Nd6 Qc7 29. Rdc1 Bxe5 30. Qxe5 Rxb4 31. Rxb4 Nxb4 32. Rb1 Nd5 33. Rxb7 Qxc5 34. Ne4 Qc6 35. Rb1 Qc2 36. Rb7 Qc6 37. Rb1 Ne7 38. Qd4 Qd5 39. Qb4 Nc6 40. Qa4 Nd4 41. Re1 Ra8 42. Qd1 e5 43. Qb1 Qb3 44. Qc1 Qd3 45. Qb2 Qb3 46. Qc1 Qc2 47. Qe3 Qc6 48. Rb1 Rd8 49. Kh2 Qg6 50. Kg1 Qg4 51. f3 Qe6 52. Nf2 Nf5 53. Qe1 Nxg3 54. Ng4 Qa2 55. Kh2 Ne2 56. Nxe5 Nf4 57. Kg3 Ne2+ 58. Kh4 Nf4 59. Kg3 g5 60. Qf1 Rd2 61. Kh2 Rxg2+ 62. Kh1 Rh2+ 63. Kg1 Nh3+ 0-1

[Event "RUS-chT Blitz"]
[Site "Sochi"]
[Date "2024.10.17"]
[Round "6.17"]
[White "Afanasiev, Nikita"]
[Black "Khubukshanov, Erdem"]
[Result "1-0"]
[WhiteElo "2533"]
[BlackElo "2441"]
[PlyCount "87"]
[EventDate "2024.10.17"]
[EventType "team-swiss (blitz)"]
[EventRounds "11"]
[EventCountry "RUS"]
[SourceTitle "CB43_2024"]
[Source "Chessbase"]
[SourceDate "2024.10.23"]
[SourceVersion "1"]
[SourceVersionDate "2024.10.23"]
[SourceQuality "1"]
[WhiteTeam "Krasnodar Kuban"]
[BlackTeam "Novosibirsk Region"]
[WhiteTeamCountry "RUS"]
[BlackTeamCountry "RUS"]

1. Nf3 c5 2. g3 Nc6 3. Bg2 e5 4. 0-0 d5 5. c4 d4 6. e3 Be7 7. d3 Nf6 8. Na3 0-0 9. Re1 Re8 10. b3 Bf8 11. e4 g6 12. Nc2 Bg7 13. Rb1 Nd7 14. a3 a5 15. Bd2 f5 16. b4 axb4 17. axb4 fxe4 18. Rxe4 Nf6 19. Bg5 Bf5 20. Nd2 Qc7 21. Bxf6 Bxf6 22. bxc5 Be7 23. Ne1 Ra3 24. h4 Bxc5 25. h5 Nb4 26. Nb3 Bf8 27. hxg6 hxg6 28. Rh4 Ra2 29. Be4 Qf7 30. Nf3 Bxe4 31. Rxe4 Bg7 32. Nc1 Nc6 33. Nxa2 Rf8 34. Kg2 Nd8 35. Rb6 Ne6 36. Rxe6 Qxe6 37. Nb4 Ra8 38. Nd5 Ra3 39. Nxd4 Qf7 40. Nf3 Qe6 41. Qe2 Qa6 42. Nxe5 Ra2 43. Qf3 Qd6 44. Qf7+ 1-0

[Event "RUS-ch Rapid"]
[Site "Sochi"]
[Date "2024.10.15"]
[Round "2"]
[White "Khubukshanov, Erdem"]
[Black "Vershinin, Igor1"]
[Result "1/2-1/2"]
[WhiteElo "2441"]
[BlackElo "2285"]
[PlyCount "36"]
[EventDate "2024.10.15"]
[EventType "swiss (rapid)"]
[EventRounds "11"]
[EventCountry "RUS"]
[SourceTitle "CB43_2024"]
[Source "Chessbase"]
[SourceDate "2024.10.23"]
[SourceVersion "1"]
[SourceVersionDate "2024.10.23"]
[SourceQuality "1"]

1. e4 c5 2. Nf3 d6 3. Bb5+ Nd7 4. 0-0 Ngf6 5. Re1 a6 6. Bd3 e5 7. c3 Be7 8. Bf1 0-0 9. d4 b5 10. a4 b4 11. a5 bxc3 12. bxc3 cxd4 13. cxd4 exd4 14. Nxd4 Bb7 15. f3 Ne5 16. Nf5 Bc8 17. Nxe7+ Qxe7 18. Nc3 Qd8 1/2-1/2

[Event "RUS-ch Blitz"]
[Site "Sochi"]
[Date "2024.10.14"]
[Round "12"]
[White "Khubukshanov, Erdem"]
[Black "Ponkratov, Pavel"]
[Result "1/2-1/2"]
[WhiteElo "2441"]
[BlackElo "2564"]
[PlyCount "111"]
[EventDate "2024.10.14"]
[EventType "swiss (blitz)"]
[EventRounds "13"]
[EventCountry "RUS"]
[SourceTitle "CB43_2024"]
[Source "Chessbase"]
[SourceDate "2024.10.23"]
[SourceVersion "1"]
[SourceVersionDate "2024.10.23"]
[SourceQuality "1"]

1. e4 c5 2. Nf3 e6 3. c3 Nf6 4. e5 Nd5 5. Bc4 b6 6. Bxd5 exd5 7. d4 Ba6 8. dxc5 bxc5 9. Qxd5 Nc6 10. c4 Be7 11. 0-0 0-0 12. Nc3 Rb8 13. b3 Nb4 14. Qd2 d6 15. exd6 Bxd6 16. Ne4 Be7 17. Qc3 Rb6 18. Be3 Qc7 19. a3 Bb7 20. axb4 Bxe4 21. bxc5 Rg6 22. Ne1 Bf6 23. Bd4 Qxc5 24. Bxf6 Rxf6 25. Ra5 Qc7 26. f3 Bg6 27. Rd5 Rb6 28. Nd3 Rfb8 29. Nc5 h6 30. Re1 Rc6 31. b4 Qb6 32. h4 Qxb4 33. Qxb4 Rxb4 34. Re8+ Kh7 35. Nd7 h5 36. g4 hxg4 37. h5 Bb1 38. Ne5 Rcxc4 39. Nxc4 Rxc4 40. fxg4 Rxg4+ 41. Kf2 f5 42. Re7 a6 43. Ra5 Kh6 44. Rb7 Be4 45. Rb4 Kxh5 46. Rxa6 Kg5 47. Rbb6 Kh5 48. Ke3 Rg3+ 49. Kf4 Rf3+ 50. Ke5 g5 51. Rh6+ Kg4 52. Rag6 Re3 53. Kf6 Kf4 54. Rxg5 Rg3 55. Rh4+ Kf3 56. Rxf5+ 1/2-1/2

[Event "RUS-ch Blitz"]
[Site "Sochi"]
[Date "2024.10.14"]
[Round "8"]
[White "Khubukshanov, Erdem"]
[Black "Savchenko, Boris"]
[Result "0-1"]
[WhiteElo "2441"]
[BlackElo "2473"]
[PlyCount "104"]
[EventDate "2024.10.14"]
[EventType "swiss (blitz)"]
[EventRounds "13"]
[EventCountry "RUS"]
[SourceTitle "CB43_2024"]
[Source "Chessbase"]
[SourceDate "2024.10.23"]
[SourceVersion "1"]
[SourceVersionDate "2024.10.23"]
[SourceQuality "1"]

1. e4 c5 2. Nf3 d6 3. d4 cxd4 4. Nxd4 Nf6 5. Nc3 a6 6. h3 e6 7. g4 h6 8. h4 b5 9. a3 Bb7 10. Bg2 Nfd7 11. g5 hxg5 12. Bxg5 Qc7 13. Qe2 Nb6 14. 0-0-0 N8d7 15. Rh3 Rc8 16. h5 Nc4 17. f4 Qb6 18. Nd5 Qc5 19. Nb3 Qa7 20. e5 Bxd5 21. Bxd5 dxe5 22. Bg2 f6 23. Bh4 Kf7 24. Rhd3 Ndb6 25. Bf2 exf4 26. Be4 f5 27. Bf3 Be7 28. Re1 Rh6 29. Nd4 Ne3 30. Bxe3 fxe3 31. Qxe3 Nc4 32. Qe2 Bg5+ 33. Kb1 Qe7 34. Nxe6 Rxe6 35. Bd5 Rcc6 36. Qf3 Kf6 37. Bxe6 Rxe6 38. Rf1 Re1+ 39. Ka2 Rxf1 40. Qxf1 Qe6 41. b3 Ne3 42. Qe1 f4 43. Qc3+ Kf5 44. Qc5+ Kg4 45. Rd6 Qe4 46. Kb1 f3 47. Rg6 Qf4 48. Qc8+ Kh4 49. Rxg7 f2 50. h6 f1Q+ 51. Ka2 Qf6 52. c3 Q6f2# 0-1

[Event "Vladivostok Eastern Economic Forum"]
[Site "Vladivostok"]
[Date "2024.09.03"]
[Round "4"]
[White "Khubukshanov, Erdem"]
[Black "Kokarev, Dmitry"]
[Result "0-1"]
[WhiteElo "2441"]
[BlackElo "2538"]
[PlyCount "76"]
[EventDate "2024.09.03"]
[EventType "swiss (rapid)"]
[EventRounds "11"]
[EventCountry "RUS"]
[SourceTitle "EXT 2025"]
[Source "ChessBase"]
[SourceDate "2024.10.14"]
[SourceVersion "1"]
[SourceVersionDate "2024.10.14"]
[SourceQuality "1"]

1. e4 c5 2. Nf3 d6 3. d4 cxd4 4. Nxd4 Nf6 5. Nc3 a6 6. Bd3 g6 7. f3 Qb6 8. a3 Nc6 9. Be3 Qa5 10. Nb3 Qc7 11. g4 Bg7 12. g5 Nd7 13. f4 Bxc3+ 14. bxc3 b6 15. 0-0 Bb7 16. Rb1 h6 17. gxh6 Rxh6 18. Qe2 Rh3 19. Kg2 Rh5 20. Kg1 Rh3 21. Kg2 Rh4 22. Nd2 Nc5 23. Kg1 e6 24. Qf2 Rh5 25. Be2 Rh7 26. Bf3 Na5 27. Rb4 0-0-0 28. Rfb1 b5 29. c4 Rdh8 30. cxb5 Rxh2 31. Bg2 axb5 32. Rxb5 Nxe4 33. Rxb7 Qxb7 34. Rxb7 Nxf2 35. Ra7 Ng4 36. Bd4 Rxg2+ 37. Kxg2 Rh2+ 38. Kf3 Nc6 0-1

[Event "Vladivostok Eastern Economic Forum"]
[Site "Vladivostok"]
[Date "2024.09.03"]
[Round "5"]
[White "Khubukshanov, Erdem"]
[Black "Moskalenko, Alexander"]
[Result "0-1"]
[WhiteElo "2441"]
[BlackElo "2422"]
[PlyCount "104"]
[EventDate "2024.09.03"]
[EventType "swiss (rapid)"]
[EventRounds "11"]
[EventCountry "RUS"]
[SourceTitle "EXT 2025"]
[Source "ChessBase"]
[SourceDate "2024.10.14"]
[SourceVersion "1"]
[SourceVersionDate "2024.10.14"]
[SourceQuality "1"]

1. e4 e5 2. Nf3 Nc6 3. Bc4 Nf6 4. d3 d5 5. exd5 Nxd5 6. 0-0 Be7 7. Re1 f6 8. h3 Bf5 9. c3 Qd7 10. d4 Nb6 11. Bb3 0-0-0 12. dxe5 Qxd1 13. Bxd1 fxe5 14. Bg5 Bf6 15. Na3 h6 16. Be3 Nd5 17. Bc2 Bxc2 18. Nxc2 e4 19. Nh2 Ne5 20. Rab1 Nd3 21. Re2 c5 22. Nf1 Bxc3 23. bxc3 Nxc3 24. Ree1 b6 25. a3 Nxe1 26. Rxe1 Rd1 27. Rxd1 Nxd1 28. Ng3 Nxe3 29. Nxe3 Rd8 30. Nxe4 Rd3 31. Nc2 Rd1+ 32. Kh2 Kc7 33. Kg3 Kc6 34. Kf4 b5 35. Ne3 Rd3 36. Nf5 Rxa3 37. Ne7+ Kd7 38. Nd5 c4 39. Ke5 Kc6 40. Ke6 Ra1 41. Ne7+ Kb6 42. Nc8+ Kc7 43. Ncd6 Kc6 44. Nf5 b4 45. Nd4+ Kb6 46. Kd5 b3 47. Nd6 Rc1 48. N4b5 b2 49. Na3 Rd1+ 50. Ke6 Rxd6+ 51. Kxd6 c3 52. Kd5 c2 0-1

[Event "Titled Tuesday intern op 09th Jul Early"]
[Site "Chess.com INT"]
[Date "2024.07.09"]
[Round "1"]
[White "Khubukshanov, Erdem"]
[Black "Mueller, Magnus"]
[Result "1-0"]
[WhiteElo "2430"]
[BlackElo "2116"]
[PlyCount "115"]
[EventDate "2024.07.09"]
[EventType "swiss (blitz)"]
[EventRounds "11"]
[EventCountry "USA"]
[SourceTitle "EXT 2025"]
[Source "ChessBase"]
[SourceDate "2024.10.14"]
[SourceVersion "1"]
[SourceVersionDate "2024.10.14"]
[SourceQuality "1"]

1. Nf3 d5 2. d4 Nf6 3. Bg5 c5 4. e3 cxd4 5. exd4 Ne4 6. Bf4 Nc6 7. c3 g6 8. Nbd2 Bg7 9. Bd3 Bf5 10. Be2 0-0 11. 0-0 Re8 12. h3 f6 13. Qb3 Qd7 14. Rfe1 e5 15. dxe5 fxe5 16. Bh2 Nxd2 17. Nxd2 Rad8 18. Rad1 Kh8 19. Nf1 d4 20. Bb5 a6 21. Bxc6 Qxc6 22. Rc1 Bh6 23. Rcd1 Bg7 24. Ng3 Be6 25. Qc2 Bd5 26. f3 Rc8 27. Kh1 Bg8 28. Ne4 Bd5 29. Ng5 h6 30. Ne4 Bxe4 31. Rxe4 dxc3 32. bxc3 Qxc3 33. Qa4 Qc2 34. Qd7 Qc7 35. Qg4 Qf7 36. Bg1 Rcd8 37. Rde1 Qf5 38. Qg3 Kh7 39. Qf2 Rd7 40. a4 Red8 41. a5 Rd2 42. Qb6 R8d7 43. Bh2 Qg5 44. Rg4 Qf5 45. Rge4 Qg5 46. Rg4 Qf5 47. Qg1 R2d5 48. Rge4 Rxa5 49. f4 exf4 50. Rxf4 Qc5 51. Qf1 Qd5 52. Bg1 Ra2 53. Rf3 Rc7 54. Rd1 Qb5 55. Qe1 Rcc2 56. Rf7 Rxg2 57. Rxg7+ Kxg7 58. Qe7+ 1-0

[Event "RUS-ch Higher League 74th"]
[Site "Nizhnij Novgorod"]
[Date "2024.07.05"]
[Round "9"]
[White "Maslovskiy, Vladimir"]
[Black "Khubukshanov, Erdem"]
[Result "0-1"]
[WhiteElo "2293"]
[BlackElo "2430"]
[PlyCount "92"]
[EventDate "2024.06.26"]
[EventType "swiss"]
[EventRounds "9"]
[EventCountry "RUS"]
[SourceTitle "EXT 2025"]
[Source "ChessBase"]
[SourceDate "2024.10.14"]
[SourceVersion "1"]
[SourceVersionDate "2024.10.14"]
[SourceQuality "1"]

1. e4 e5 2. Nf3 Nc6 3. Bb5 Nge7 4. 0-0 Ng6 5. Re1 a6 6. Ba4 Be7 7. c3 0-0 8. d4 exd4 9. cxd4 d5 10. exd5 Nb4 11. Nc3 Nxd5 12. Bb3 Be6 13. Ne5 Nxe5 14. Nxd5 Bxd5 15. dxe5 Be6 16. Qf3 c6 17. Be3 Bxb3 18. axb3 Qd3 19. Qg4 Rfd8 20. e6 Qg6 21. exf7+ Qxf7 22. Ra4 Rd5 23. Bd4 Bd6 24. h4 Rf8 25. Be3 h5 26. Qe4 Re8 27. Qc2 Qe6 28. Rd1 Qf5 29. Qc1 Rxd1+ 30. Qxd1 Be5 31. Rc4 Bxb2 32. Rf4 Qg6 33. Rb4 b5 34. Qf3 a5 35. Rf4 Qb1+ 36. Kh2 Be5 37. Qxh5 Bxf4+ 38. Bxf4 Re1 39. Qf3 Rh1+ 40. Kg3 Qg6+ 41. Bg5 Rb1 42. Kh2 Qe6 43. h5 Rxb3 44. Qf4 Rd3 45. Qb8+ Kh7 46. Bf4 Qf5 0-1

[Event "RUS-ch Higher League 74th"]
[Site "Nizhnij Novgorod"]
[Date "2024.07.04"]
[Round "8"]
[White "Khubukshanov, Erdem"]
[Black "Zemlyanskii, Ivan"]
[Result "0-1"]
[WhiteElo "2430"]
[BlackElo "2549"]
[PlyCount "120"]
[EventDate "2024.06.26"]
[EventType "swiss"]
[EventRounds "9"]
[EventCountry "RUS"]
[SourceTitle "EXT 2025"]
[Source "ChessBase"]
[SourceDate "2024.10.14"]
[SourceVersion "1"]
[SourceVersionDate "2024.10.14"]
[SourceQuality "1"]

1. e4 c5 2. Nf3 d6 3. d4 cxd4 4. Nxd4 Nf6 5. Nc3 a6 6. Bg5 Nbd7 7. Qe2 h6 8. Bh4 g6 9. f4 e5 10. fxe5 dxe5 11. 0-0-0 Qc7 12. Nb3 b5 13. Kb1 Be7 14. Qf3 Bb7 15. a3 Rc8 16. Bd3 0-0 17. Rhf1 Kg7 18. g4 Nxe4 19. Bxe4 Bxe4 20. Nxe4 Bxh4 21. Nd6 Rb8 22. Qd5 Bf6 23. h4 Nb6 24. Qc5 Qxc5 25. Nxc5 Ra8 26. h5 Be7 27. hxg6 Kxg6 28. Nce4 Rad8 29. b3 Nc8 30. Nf5 Rxd1+ 31. Rxd1 Bg5 32. Rh1 Rd8 33. Nxg5 Kxg5 34. Nxh6 Nd6 35. c4 bxc4 36. bxc4 f6 37. c5 Rb8+ 38. Ka1 Ne4 39. c6 Rc8 40. Rh5+ Kf4 41. Rf5+ Kg3 42. g5 fxg5 43. Rxe5 Rxc6 44. Nf7 Kf4 45. Re7 Kf5 46. Kb2 Kf6 47. Rd7 g4 48. Nh6 Kg5 49. Rg7+ Kxh6 50. Rxg4 Ng5 51. Kb3 Kg6 52. Rc4 Rd6 53. Kb4 Kf5 54. Rc5+ Kf4 55. Ka5 Ne4 56. Rh5 Ke3 57. Rh1 Kd3 58. a4 Nd2 59. Rh4 Nb3+ 60. Kb4 Rb6+ 0-1

[Event "RUS-ch Higher League 74th"]
[Site "Nizhnij Novgorod"]
[Date "2024.07.02"]
[Round "6"]
[White "Khubukshanov, Erdem"]
[Black "Zvjaginsev, Vadim"]
[Result "1/2-1/2"]
[WhiteElo "2430"]
[BlackElo "2559"]
[PlyCount "36"]
[EventDate "2024.06.26"]
[EventType "swiss"]
[EventRounds "9"]
[EventCountry "RUS"]
[SourceTitle "EXT 2025"]
[Source "ChessBase"]
[SourceDate "2024.10.14"]
[SourceVersion "1"]
[SourceVersionDate "2024.10.14"]
[SourceQuality "1"]

1. e4 e5 2. Nf3 Nf6 3. Nxe5 d6 4. Nf3 Nxe4 5. d3 Nf6 6. d4 d5 7. Bd3 Bd6 8. 0-0 0-0 9. c4 dxc4 10. Bxc4 Nc6 11. Nc3 Bg4 12. h3 Bxf3 13. Qxf3 Nxd4 14. Qxb7 Rb8 15. Qa6 Ng4 16. Bd5 Nf6 17. Bc4 Ng4 18. Bd5 Nf6 1/2-1/2